<?xml version="1.0" encoding="UTF-8"?>
<collection xmlns="http://www.loc.gov/MARC21/slim">
 <record>
  <leader>01831nam a2200217Ia 4500</leader>
  <controlfield tag="001">CTU_153580</controlfield>
  <controlfield tag="008">210402s9999    xx            000 0 und d</controlfield>
  <datafield tag="082" ind1=" " ind2=" ">
   <subfield code="a">004.0151</subfield>
  </datafield>
  <datafield tag="082" ind1=" " ind2=" ">
   <subfield code="b">C298</subfield>
  </datafield>
  <datafield tag="100" ind1=" " ind2=" ">
   <subfield code="a">Carpineto, Claudio</subfield>
  </datafield>
  <datafield tag="245" ind1=" " ind2="0">
   <subfield code="a">Concept data analysis :</subfield>
  </datafield>
  <datafield tag="245" ind1=" " ind2="0">
   <subfield code="b">Theory and applications</subfield>
  </datafield>
  <datafield tag="245" ind1=" " ind2="0">
   <subfield code="c">Claudio Carpineto, Giovanni Romano</subfield>
  </datafield>
  <datafield tag="260" ind1=" " ind2=" ">
   <subfield code="a">Chichester, England</subfield>
  </datafield>
  <datafield tag="260" ind1=" " ind2=" ">
   <subfield code="b">Wiley</subfield>
  </datafield>
  <datafield tag="260" ind1=" " ind2=" ">
   <subfield code="c">c2004</subfield>
  </datafield>
  <datafield tag="520" ind1=" " ind2=" ">
   <subfield code="a">Concept Data Analysis: Theory &amp; Applications is essential for researchers active in information processing and data mining as well as industry practitioners who are interested in creating a commercial product for concept data analysis or developing content management applications. Computer science students will also find it invaluable. Thanks to its simplicity, elegance and versatility, concept data analysis can effectively support various kinds of content management tasks using different or heterogeneous types of data, such as: Provides a comprehensive treatment of the full range of techniques developed for concept data analysis covering creation, maintenance, display and manipulation of concept lattices ; Presents application areas such as information retrieval and mining from text and web data as well as rule mining from structured data ; and Features two detailed case studies; exploring the content of the ACM Digital Library using an interface that integrates multiple search functionalities; and mining web retrieval results through the system CREDO, a version of which is available on-line for testing.</subfield>
  </datafield>
  <datafield tag="650" ind1=" " ind2=" ">
   <subfield code="a">Computer science,Machine learning,Information retrieval,Phục hồi thông tin,Khoa học máy tính,Học của máy</subfield>
  </datafield>
  <datafield tag="650" ind1=" " ind2=" ">
   <subfield code="x">Mathematics,Toán học</subfield>
  </datafield>
  <datafield tag="904" ind1=" " ind2=" ">
   <subfield code="i">Trọng Hiếu</subfield>
  </datafield>
  <datafield tag="980" ind1=" " ind2=" ">
   <subfield code="a">Trung tâm Học liệu Trường Đại học Cần Thơ</subfield>
  </datafield>
 </record>
</collection>
